| 000 | 00458nam a2200205Ia 4500 | ||
|---|---|---|---|
| 001 | 12460 | ||
| 003 | GE_BSU | ||
| 008 | 181216s||||||||xx |||||||||||||| ||und|| | ||
| 020 | _a9780751537284 | ||
| 040 | _cGE_BSU | ||
| 080 | _a821.111-311.6 | ||
| 100 | _aKostova,Elizabeth. | ||
| 245 | 4 | _aThe Historian. | |
| 260 | _aGreat Britain. | ||
| 260 | _bTime Warner Books. | ||
| 260 | _c2005 | ||
| 300 | _a704p;20cm. | ||
| 653 | _aThe Historian. | ||
| 942 | _cBK | ||
| 999 |
_c45634 _d45634 |
||